Microwave Devices & Circuits (Record no. 11710)
[ view plain ]
| 000 -LEADER | |
|---|---|
| fixed length control field | 00297nam a2200133Ia 4500 |
| 008 - FIXED-LENGTH DATA ELEMENTS--GENERAL INFORMATION | |
| fixed length control field | 221030s9999 xx 000 0 und d |
| 041 ## - LANGUAGE CODE | |
| Language code of text/sound track or separate title | |
| 082 ## - DEWEY DECIMAL CLASSIFICATION NUMBER | |
| Classification number | 105.23 |
| 100 ## - MAIN ENTRY--AUTHOR NAME | |
| Personal name | S. Y. Liao |
| 245 #0 - TITLE STATEMENT | |
| Title | Microwave Devices & Circuits |
| Statement of responsibility, etc | by S. Y. Liao |
| 260 ## - PUBLICATION, DISTRIBUTION, ETC. (IMPRINT) | |
| Year of publication | 0 |
| 650 ## - SUBJECT ADDED ENTRY--TOPICAL TERM | |
| Topical Term | B |
| 942 ## - ADDED ENTRY ELEMENTS (KOHA) | |
| Koha item type | Books |
| Accession Number | Full call number | Price effective from | Koha item type | Withdrawn / writtenoff status | Materials specified (bound volume or other part) | Damaged status | Not for loan | Permanent Location | Current Location | Shelving location | Date acquired | Lost/ Missing status | department |
|---|---|---|---|---|---|---|---|---|---|---|---|---|---|
| B 3333 | 105.23 | 10/30/2022 | Books | MIET Library, Jammu | MIET Library, Jammu | BL-, FL-, CUP-0, SH-0, R-0 | 06/12/2012 | BE | |||||
| B 3334 | 105.23 | 10/30/2022 | Books | MIET Library, Jammu | MIET Library, Jammu | BL-, FL-, CUP-0, SH-0, R-0 | 06/12/2012 | BE | |||||
| B 3335 | 105.23 | 10/30/2022 | Books | MIET Library, Jammu | MIET Library, Jammu | BL-, FL-, CUP-0, SH-0, R-0 | 06/12/2012 | BE | |||||
| B 3336 | 105.23 | 10/30/2022 | Books | MIET Library, Jammu | MIET Library, Jammu | BL-, FL-, CUP-0, SH-0, R-0 | 06/12/2012 | BE | |||||
| B 8243 | 10/30/2022 | Books | MIET Library, Jammu | MIET Library, Jammu | BL-, FL-, CUP-0, SH-0, R-0 | 02/22/2017 | BE | ||||||
| B 8242 | 10/30/2022 | Books | MIET Library, Jammu | MIET Library, Jammu | BL-, FL-, CUP-0, SH-0, R-0 | 02/22/2017 | BE |